| 000 | 00765nam a22002297a 4500 | ||
|---|---|---|---|
| 003 | OSt | ||
| 005 | 20260126031833.0 | ||
| 008 | 260126b |||||||| |||| 00| 0 eng d | ||
| 020 | _a971-555-530-2. | ||
| 040 |
_aDWC-Main lib. _cOC |
||
| 082 | _aCirc. 378.007 R431 2006 | ||
| 100 | _aBernardo, Allan B.I. | ||
| 245 |
_aResearch and higher education development : _bAsia-Pacific perspectives/ _cAllan B.I. Bernardo |
||
| 260 |
_aManila : _bDe La Salle University Press, _cc2006. |
||
| 300 |
_alx, 211 p. : _billustration ; _c23 cm. |
||
| 504 | _aIncludes index and references. | ||
| 650 | _a1. Higher education-Research. | ||
| 650 | _a2. Research. | ||
| 700 | _aMuñoz, Michaela P. | ||
| 700 | _aValencia, Marshall N. | ||
| 942 |
_2ddc _cBK-CIRC _hCirc. _n0 |
||
| 999 |
_c7778 _d7778 |
||